000 00460ntaaa2200181 4500
003 01
005 20251027201949.0
008 0714s1973 ag 01
040 _aAR-BaBN
_bspa
_cAR-BaBN
_eaacr
_dRIC
082 _a248.0000 R63
100 _aRoger, Dale Evans
_918174
245 _aAngel sin saberlo
250 _a1 ed. :
_bAurora,
_c1957
300 _a79 p.
500 _ala biografía de un niñita mongólica
650 _aVida Espiritual
_9658
942 _cBK
999 _c14365
_d14365